000 00498nam a2200205Ia 4500
008 210210b2000 xxu||||| |||| 00| 0 eng d
082 _a589.24 BARM
100 _aBARNETT (H L)
245 _aManual of illustrated genera of imperfect fungi.
260 _aND
_bBurgers Publishing
_c2000
300 _a241
650 _aManual
650 _aimperfect
650 _aillustrated
650 _agenera
650 _afungi.
690 _aBotany
700 _aHUNTER (Barry B).
906 _a047028
999 _c96184
_d96184